| 000 | 00396nam a2200169Ia 4500 | ||
|---|---|---|---|
| 001 | 794 | ||
| 003 | IN-NITTTR | ||
| 005 | 20251114232902.0 | ||
| 008 | 251113s9999||||xx |||||||||||||| ||eng|| | ||
| 040 | _beng | ||
| 040 | _cIN-NITTTR | ||
| 041 | _aeng | ||
| 082 | _a545.0076 C T | ||
| 100 | _aClark, E. R. | ||
| 245 | 0 |
_aTutorial questions in quantitative analysis / _cClark, E. R. |
|
| 942 |
_2ddc _cBK |
||
| 999 |
_c555 _d555 |
||